ARRUPE JESUIT UNIVERSITY

CORONAVIRUS -STOP THE SPREAD - CLEAN,DISINFECT,COVER

Dictionnaire de l'ethnologie et de l'anthropologie / (Record no. 127751)

MARC details
000 -LEADER
fixed length control field 00983cam a2200277 a 4500
001 - CONTROL NUMBER
control field 4384699
003 - CONTROL NUMBER IDENTIFIER
control field ARRUPE
005 - DATE AND TIME OF LATEST TRANSACTION
control field 20180322115823.0
008 - FIXED-LENGTH DATA ELEMENTS--GENERAL INFORMATION
fixed length control field 910412s1991 fr be 001 0 fre
010 ## - LIBRARY OF CONGRESS CONTROL NUMBER
LC control number 91140943
020 ## - INTERNATIONAL STANDARD BOOK NUMBER
International Standard Book Number 2130433839
040 ## - CATALOGING SOURCE
Original cataloging agency DLC
Transcribing agency DLC
Modifying agency DLC
050 00 - LIBRARY OF CONGRESS CALL NUMBER
Classification number REF. GN307
Item number .D49 1991
082 00 - DEWEY DECIMAL CLASSIFICATION NUMBER
Classification number 301/.03
Edition number 20
300 ## - PHYSICAL DESCRIPTION
Dimensions 25 cm.
245 00 - TITLE STATEMENT
Title Dictionnaire de l'ethnologie et de l'anthropologie /
Statement of responsibility, etc Pierre Bonte, Michel Izard and Marion Abélès ... [et al.].
260 ## - PUBLICATION, DISTRIBUTION, ETC. (IMPRINT)
Place of publication, distribution, etc Paris :
Name of publisher, distributor, etc Presses universitaires de France,
Date of publication, distribution, etc c1991.
300 ## - PHYSICAL DESCRIPTION
Extent xi, 755 p. ;
504 ## - BIBLIOGRAPHY, ETC. NOTE
Bibliography, etc Includes bibliographical references and index.
650 #0 - SUBJECT ADDED ENTRY--TOPICAL TERM
Topical term or geographic name as entry element Ethnology
General subdivision Encyclopedias.
9 (RLIN) 40885
700 1# - ADDED ENTRY--PERSONAL NAME
Personal name Bonte, Pierre.
9 (RLIN) 40886
700 1# - ADDED ENTRY--PERSONAL NAME
Personal name Izard, Michel.
9 (RLIN) 36619
906 ## - LOCAL DATA ELEMENT F, LDF (RLIN)
a 7
b cbc
c orignew
d 2
e ncip
f 19
g y-gencatlg
942 ## - ADDED ENTRY ELEMENTS (KOHA)
Source of classification or shelving scheme Library of Congress Classification
Koha item type Monograph ( Printed materials)
Holdings
Withdrawn status Lost status Source of classification or shelving scheme Damaged status Not for loan Collection code Home library Current library Shelving location Date acquired Total Checkouts Full call number Barcode Date last seen Price effective from Koha item type
    Library of Congress Classification     REFERENCE ARRUPE LIBRARY ARRUPE LIBRARY REFERENCE 22/03/2018   REF. GN307 .D49 1991 46600001838 22/03/2018 22/03/2018 REFERENCE

 

Arrupe Library. PO Box MP320 Mt Pleasant, Harare, Zimbabwe
263 242 745411|librarian@aju.ac.zw